COMPANY SECRETARY S HANDBOOK A GUIDE TO (Record no. 10798)
[ view plain ]
| 000 -LEADER | |
|---|---|
| fixed length control field | 00397nam a2200145Ia 4500 |
| 008 - FIXED-LENGTH DATA ELEMENTS--GENERAL INFORMATION | |
| fixed length control field | 240624s9999 xx 000 0 und d |
| 041 ## - LANGUAGE CODE | |
| Language code of text/sound track or separate title | eng |
| 082 ## - DEWEY DECIMAL CLASSIFICATION NUMBER | |
| Classification number | 346.41 ASH |
| 100 ## - MAIN ENTRY--PERSONAL NAME | |
| Personal name | ASHTON HELEN |
| 245 ## - TITLE STATEMENT | |
| Title | COMPANY SECRETARY S HANDBOOK A GUIDE TO |
| 250 ## - EDITION STATEMENT | |
| Edition statement | (3rd ed.) |
| 260 ## - PUBLICATION, DISTRIBUTION, ETC. | |
| Date of publication, distribution, etc. | 2004 |
| Place of publication, distribution, etc. | New Delhi |
| Name of publisher, distributor, etc. | Kogan Page India Private limited |
| 300 ## - PHYSICAL DESCRIPTION | |
| Extent | vi, : 164 : p. : cm. ; 23 |
| 365 ## - TRADE PRICE | |
| Currency code | RS |
| Price amount | 33 |
| Withdrawn status | Lost status | Damaged status | Not for loan | Home library | Current library | Shelving location | Date acquired | Source of acquisition | Cost, normal purchase price | Total Checkouts | Total Holds | Full call number | Barcode | Date last seen | Date last checked out | Copy number | Price effective from | Koha item type |
|---|---|---|---|---|---|---|---|---|---|---|---|---|---|---|---|---|---|---|
| IMTN | IMTN | Rack 15-A | 10/06/2008 | AP | 225.00 | 2 | 1280 | 346.41 ASH | 10798 | 10/10/2025 | 10/06/2025 | 1 | 06/24/2024 | Books |